Tilastot visalle Liput, joissa on kotka

Klikkaa tästä pelataksesi tätä visaa!

Yleistilastot

  • Tätä visaa on pelattu 653 kertaa
  • Keskiarvotulos 5 / 9

Vastaustilastot

Valtio% Oikein
Albania
96%
Meksiko
85%
Egypti
72%
Moldova
66%
Montenegro
58%
Serbia
54%
Kazakstan
41%
Sambia
35%
Zimbabwe
27%

Tulosjakauma

Persentiili vastausten määrän mukaan

Jokaisen tuloksen saaneiden osuus

Tuloshistoriasi

Et ole pelannut tätä visaa